[Event "CRO-chT3"]
[Site "Varazdin"]
[Date "2008.05.17"]
[Round "5"]
[White "Vucko, Jozsef"]
[Black "Novak, Ivan2222"]
[Result "1-0"]
[WhiteElo "2077"]
[BlackElo "1976"]
[PlyCount "161"]
[EventDate "2008.04.12"]
[EventType "team-tourn"]
[EventRounds "9"]
[EventCountry "CRO"]
[SourceTitle "EXT 2011"]
[Source "ChessBase"]
[SourceDate "2010.11.26"]
[SourceVersion "1"]
[SourceVersionDate "2010.11.26"]
[SourceQuality "1"]

1. c4 Nf6 2. d4 e6 3. a3 b6 4. Nc3 Bb7 5. Bg5 Be7 6. e3 0-0 7. Nf3 d5 8. Rc1 c5 9. cxd5 Nxd5 10. Bxe7 Qxe7 11. dxc5 bxc5 12. Be2 Rd8 13. Qc2 Nd7 14. 0-0 a6 15. Rfd1 Rac8 16. Ne4 Rc7 17. Nfd2 f5 18. Ng3 Ne5 19. Nb3 Rdc8 20. Na5 Ra8 21. Nxb7 Rxb7 22. Nxf5 Qf8 23. Nh4 Qf6 24. Nf3 Rxb2 25. Qe4 Rxe2 26. Qxe5 Qxe5 27. Nxe5 Rc8 28. Kf1 Rb2 29. e4 Rf8 30. Nf3 Nf6 31. Rd2 Rb3 32. e5 Nd5 33. a4 Rc8 34. Nd4 Rc3 35. Rxc3 Nxc3 36. Nxe6 Re8 37. Rd8 Rxd8 38. Nxd8 Nxa4 39. Nb7 Kf7 40. Ke2 Ke6 41. f4 c4 42. Kd2 Nb6 43. g3 Nd5 44. Nc5+ Kf5 45. Nxa6 g5 46. fxg5 Kxe5 47. Ke2 Kf5 48. h4 Kg4 49. Kf2 c3 50. Nc5 Nb4 51. Ke2 Nd5 52. Ne4 Kf5 53. Nf2 Nb4 54. Ke3 c2 55. Kd2 Ke5 56. Ng4+ Ke6 57. Ne3 c1Q+ 58. Kxc1 Nd3+ 59. Kd2 Nf2 60. Ke2 Ne4 61. Kf3 Nd2+ 62. Kf4 Nb3 63. Nf5 Nc5 64. Nh6 Nd3+ 65. Kg4 Nf2+ 66. Kh5 Ne4 67. Kg4 Nf2+ 68. Kf3 Nd3 69. Ke3 Ne5 70. g4 Nc4+ 71. Kf4 Ne5 72. Nf5 Nd3+ 73. Kg3 Nc5 74. h5 Ne4+ 75. Kf4 Nf2 76. Nd4+ Kf7 77. Kf5 Kg7 78. Ne6+ Kf7 79. Nf4 Kg7 80. g6 hxg6+ 81. Nxg6 1-0